Celní preference a původ zboží: Tarifní systém České republiky
Prehľad právnych noriem, ktoré sa týkajú colných taríf a spôsobu ich uplatňovania v ČR. Všeobecné a zmluvné sadzby. Preferenčné sadzby. Zmluvné colné kvóty. Pravidlá pre uplatňovanie colných sadzieb. Preferenčné dohody, ktoré uzavrela ČR. Český integrovaný tarif. Stanovenie a preukazovanie preferenč...
Guardado en:
| Autor principal: | |
|---|---|
| Otros Autores: | |
| Formato: | Capítulo de libro |
| Lenguaje: | checo |
| Materias: | |
| Etiquetas: |
Sin Etiquetas, Sea el primero en etiquetar este registro!
|
MARC
| LEADER | 00000naa a2200000 4500 | ||
|---|---|---|---|
| 001 | r040643 | ||
| 005 | 20230908092311.0 | ||
| 041 | 0 | |a cze | |
| 044 | |a CZ | ||
| 245 | 1 | 0 | |a Celní preference a původ zboží: Tarifní systém České republiky |c Michal Kubát, Karel Stuchlík |
| 520 | |a Prehľad právnych noriem, ktoré sa týkajú colných taríf a spôsobu ich uplatňovania v ČR. Všeobecné a zmluvné sadzby. Preferenčné sadzby. Zmluvné colné kvóty. Pravidlá pre uplatňovanie colných sadzieb. Preferenčné dohody, ktoré uzavrela ČR. Český integrovaný tarif. Stanovenie a preukazovanie preferenčného pôvodu na základe medzinárodných dohôd. Príklady z praxe. | ||
| 610 | 2 | 0 | |a preferencie colné |
| 610 | 2 | 0 | |a pôvod tovaru |
| 610 | 2 | 0 | |a Česko |
| 610 | 2 | 0 | |a sadzby colné |
| 610 | 2 | 0 | |a tarify colné |
| 610 | 2 | 0 | |a dohody colné |
| 100 | 1 | |a Kubát, Michal | |
| 700 | 1 | |a Stuchlík, Karel | |